[Event "Euro Online U2300 Day 1"]
[Site "chess.com INT"]
[Date "2020.05.25"]
[Round "3"]
[White "Baranow, Sergey"]
[Black "Mkrtchyan, Mariam"]
[Result "1-0"]
[BlackTitle "WFM"]
[WhiteElo "2192"]
[BlackElo "2071"]
[WhiteFideId "24155055"]
[BlackFideId "13310828"]
[EventDate "2020.05.25"]

1. e4 c6 2. d4 d5 3. exd5 cxd5 4. Nf3 Nc6 5. c4 Nf6 6. Nc3 g6 7. cxd5 Nxd5 8.
Bc4 Nb6 9. Bb3 Bg7 10. O-O Nxd4 11. Nxd4 Qxd4 12. Qxd4 Bxd4 13. Nb5 Be5 14. Re1
Bb8 15. a4 a6 16. Nc3 Bf5 17. Bg5 Bd6 18. Rad1 Bb4 19. Re3 e6 20. h3 h5 21. Bf6
O-O 22. g4 hxg4 23. hxg4 Bxg4 24. Rd4 Bxc3 25. bxc3 Bh5 26. a5 Nd5 27. Bxd5 exd5
28. Rxd5 Rfe8 29. Rg3 Re6 30. Bd4 Kf8 31. Bc5+ Ke8 32. Rxh5 Kd7 33. Rd5+ Kc6 34.
Rgd3 Re1+ 35. Kg2 Rh8 36. Be3 Rhh1 37. Rc5# 1-0

[Event "Euro Online U2300 Day 1"]
[Site "chess.com INT"]
[Date "2020.05.25"]
[Round "3"]
[White "Papadopoulos, Georgios3"]
[Black "Theuretzbacher, Klaus"]
[Result "0-1"]
[WhiteElo "2347"]
[BlackElo "2177"]
[WhiteFideId "4210271"]
[BlackFideId "1601571"]
[EventDate "2020.05.25"]

1. d4 Nf6 2. c4 c5 3. d5 b5 4. cxb5 a6 5. bxa6 g6 6. Nc3 Bxa6 7. Nf3 d6 8. e4
Bxf1 9. Kxf1 Bg7 10. g3 O-O 11. Kg2 Nbd7 12. a4 Qa5 13. Ra3 Rfb8 14. Nd2 Nb6 15.
Qe2 Nfd7 16. h4 h5 17. Nb3 Qb4 18. Bd2 Qc4 19. Qe1 Nxa4 20. Nxa4 Rxb3 21. Nxc5
Rbxa3 22. Nxd7 Rb3 23. g4 Qc8 24. Qd1 Rxb2 25. gxh5 Qxd7 26. hxg6 Rxd2 27. gxf7+
Kxf7 28. Qxd2 Qg4+ 0-1

[Event "Euro Online U2300 Day 1"]
[Site "chess.com INT"]
[Date "2020.05.25"]
[Round "3"]
[White "Ibrahimli, Murad"]
[Black "Jeszenszky, Jozsef"]
[Result "1-0"]
[WhiteTitle "IM"]
[WhiteElo "2436"]
[BlackElo "2099"]
[WhiteFideId "13410229"]
[BlackFideId "753564"]
[EventDate "2020.05.25"]

1. d4 d5 2. c4 e6 3. Nf3 Nf6 4. g3 Bb4+ 5. Bd2 Be7 6. Bg2 c6 7. O-O Nbd7 8. Qc2
O-O 9. b3 b6 10. Bf4 Bb7 11. Nc3 Nh5 12. Bc1 Nhf6 13. e4 Nxe4 14. Nxe4 dxe4 15.
Qxe4 Qc7 16. Bf4 Bd6 17. Bxd6 Qxd6 18. Rad1 Qc7 19. Ng5 Nf6 20. Qe5 Qe7 21. d5
cxd5 22. cxd5 Qc5 23. b4 Qxb4 24. dxe6 Bxg2 25. Kxg2 Rae8 26. Nxf7 Qe4+ 27. Qxe4
Nxe4 28. Nd8 Nc5 29. Rfe1 Re7 30. f4 g6 31. Kf3 Kg7 32. g4 Kf6 33. Rd6 Rxd8 34.
Rxd8 Nxe6 35. Rd6 Kf7 36. Re5 Nc5 37. Rxe7+ Kxe7 38. Rd1 a5 39. Rb1 Nd7 40. h4
Kf6 41. Rb5 h6 42. h5 gxh5 43. Rxh5 Kg6 44. Rd5 Nf6 45. Rd6 b5 46. Ra6 a4 47.
Rb6 Kf7 48. Rxb5 Ke6 49. Ra5 1-0

[Event "Euro Online U2300 Day 1"]
[Site "chess.com INT"]
[Date "2020.05.25"]
[Round "3"]
[White "Usov, Aleksandr E."]
[Black "Salna, Aleksandras"]
[Result "1-0"]
[WhiteElo "2069"]
[BlackElo "2063"]
[WhiteFideId "24257109"]
[BlackFideId "12807575"]
[EventDate "2020.05.25"]

1. e4 c5 2. Nf3 Nc6 3. Bb5 g6 4. Bxc6 dxc6 5. O-O Bg7 6. Nc3 Qc7 7. h3 e5 8. d3
Ne7 9. Be3 b6 10. a4 a5 11. Qd2 f5 12. Bh6 Bxh6 13. Qxh6 f4 14. Qg7 Rf8 15. Nxe5
Be6 16. Nf3 O-O-O 17. Rfd1 Rg8 18. Qf6 Qd6 19. Ng5 Kd7 20. e5 1-0

[Event "Euro Online U2300 Day 1"]
[Site "chess.com INT"]
[Date "2020.05.25"]
[Round "3"]
[White "Spyropoulos, Nikolaos"]
[Black "Plaskan, Jure"]
[Result "1-0"]
[WhiteTitle "FM"]
[WhiteElo "2403"]
[BlackElo "2175"]
[WhiteFideId "4298977"]
[BlackFideId "14605252"]
[EventDate "2020.05.25"]

1. e4 c5 2. Nf3 d6 3. d4 cxd4 4. Nxd4 Nf6 5. Nc3 a6 6. h3 e5 7. Nde2 Be7 8. g4
h6 9. Bg2 Nc6 10. Be3 b5 11. O-O O-O 12. Ng3 Be6 13. a4 b4 14. Nd5 Bxd5 15. exd5
Na5 16. b3 Rc8 17. Qd2 Re8 18. Qxb4 Nd7 19. Qd2 Nb7 20. Nf5 Bf8 21. Rfe1 Qc7 22.
Rac1 Nbc5 23. a5 Nb7 24. b4 Qc3 25. Qxc3 Rxc3 26. Bf1 Ra8 27. Bd2 Rc7 28. c4 Nf6
29. f4 g6 30. fxe5 Nd7 31. exd6 Nxd6 32. Nxd6 Bxd6 33. c5 Bg3 34. Re2 Rd8 35. d6
Rcc8 36. Rg2 Be5 37. Bxa6 1-0

[Event "Euro Online U2300 Day 1"]
[Site "chess.com INT"]
[Date "2020.05.25"]
[Round "3"]
[White "Van Vliet, Dennis"]
[Black "Bayramov, Zaur"]
[Result "0-1"]
[BlackTitle "FM"]
[WhiteElo "2072"]
[BlackElo "2357"]
[WhiteFideId "209740"]
[BlackFideId "13405080"]
[EventDate "2020.05.25"]

1. d4 Nf6 2. c4 c5 3. d5 e6 4. Nc3 exd5 5. cxd5 d6 6. Nf3 g6 7. h3 a6 8. a4 Bg7
9. Bf4 O-O 10. e3 Qe7 11. Bd3 Nbd7 12. O-O Nh5 13. Bh2 f5 14. Nd2 f4 15. e4 Ne5
16. Be2 Qh4 17. Bxh5 gxh5 18. Nf3 Nxf3+ 19. Qxf3 Be5 20. Ra3 Bg4 21. Qd3 f3 22.
Bxe5 dxe5 23. Kh2 fxg2 24. Kxg2 Rf3 25. Qxf3 Bxf3+ 26. Kxf3 Qxh3+ 27. Ke2 Kh8
28. Nd1 Qg4+ 29. f3 Qf4 30. Ne3 Rg8 31. Raa1 Rg3 32. Rf2 h4 33. Rh1 h3 34. Nf5
Rg2 35. Rxh3 Rxf2+ 36. Kxf2 Qd2+ 37. Kg1 Qxb2 38. Rg3 c4 39. Nd6 Qd4+ 40. Kh2 h6
41. Ne8 c3 42. Nf6 Qf2+ 43. Kh3 Qxg3+ 44. Kxg3 c2 45. d6 c1=Q 46. Ng4 Qg5 47. d7
h5 48. d8=Q+ Qxd8 49. Nxe5 Qg5+ 0-1

[Event "Euro Online U2300 Day 1"]
[Site "chess.com INT"]
[Date "2020.05.25"]
[Round "3"]
[White "Gevorgyan, Albert"]
[Black "Malczyk, Jakub"]
[Result "1-0"]
[WhiteElo "2170"]
[BlackElo "2024"]
[WhiteFideId "13309951"]
[BlackFideId "1130854"]
[EventDate "2020.05.25"]

1. Nf3 d5 2. d4 c6 3. c4 e6 4. Nc3 f5 5. Bf4 Nf6 6. e3 Bd6 7. Bxd6 Qxd6 8. Bd3
Nbd7 9. O-O O-O 10. Rb1 Ne4 11. Qc2 h6 12. b4 g5 13. b5 g4 14. Nd2 Ndf6 15. bxc6
bxc6 16. cxd5 exd5 17. Rfc1 Bd7 18. Ne2 Nh5 19. Rb7 Rfb8 20. Rcb1 Rxb7 21. Rxb7
Bc8 22. Rb1 Bd7 23. Nf1 Re8 24. Qa4 f4 25. Bxe4 Rxe4 26. Qxa7 f3 27. Neg3 fxg2
28. Qb8+ Qxb8 29. Rxb8+ Re8 30. Rxe8+ Bxe8 31. Kxg2 Nf6 32. Nd2 Bd7 33. Ne2 Ne8
34. Nc1 Kf7 35. Nd3 Ke6 36. Nc5+ Kd6 37. Kg3 Nf6 38. Nxd7 Kxd7 39. Kf4 Ke6 40.
Nb3 h5 41. Nc5+ Kd6 42. Kg5 g3 43. hxg3 Ng4 44. Kxh5 Nxf2 45. Kg5 Nd1 46. Kf4
Nc3 47. a4 Ne2+ 48. Kf3 Ng1+ 49. Kg2 Ne2 50. Kf2 Nc3 51. a5 Ke7 52. a6 Nb5 53.
Kf3 Kf6 54. Kf4 Na7 55. g4 Nc8 56. Nd7+ Ke6 57. Nc5+ Kf6 58. g5+ Kg6 59. Nd7 Na7
60. Ne5+ Kg7 61. Kf5 Kf8 62. Kf6 1-0

[Event "Euro Online U2300 Day 1"]
[Site "chess.com INT"]
[Date "2020.05.25"]
[Round "3"]
[White "Akhayan, Ruben"]
[Black "Plaksin, Igor"]
[Result "1/2-1/2"]
[WhiteTitle "FM"]
[WhiteElo "2255"]
[BlackElo "1868"]
[WhiteFideId "204439"]
[BlackFideId "34182117"]
[EventDate "2020.05.25"]

1. d4 Nf6 2. Nf3 g6 3. g3 Bg7 4. Bg2 O-O 5. O-O d5 6. c4 c6 7. cxd5 cxd5 8. Nc3
Nc6 9. Ne5 Ne4 10. Nxc6 bxc6 11. Nxe4 dxe4 12. Bxe4 Bh3 13. Bg2 Bxg2 14. Kxg2
Bxd4 15. Bh6 Re8 16. Qc2 Rb8 17. Qxc6 Bxb2 18. Rad1 Qb6 19. Qxb6 axb6 20. Be3
Be5 21. Rd5 Bd6 22. Rb1 Ra8 23. Rb2 Ra6 24. Rdb5 Rea8 25. Rxb6 Rxa2 26. Rxa2
Rxa2 27. Kf3 Kg7 28. g4 Ra3 29. Kg2 f6 30. h4 Ra5 31. Rb7 h5 32. g5 fxg5 33.
Bxg5 Kf7 34. e4 Ke6 35. Rb3 Ra4 36. Kf3 Ra3 37. Rxa3 Bxa3 38. Be3 Bd6 39. Bd4
Kf7 40. Ke3 Ke6 41. f4 Bb4 42. Ke2 1/2-1/2

[Event "Euro Online U2300 Day 1"]
[Site "chess.com INT"]
[Date "2020.05.25"]
[Round "3"]
[White "Cevizci, Yusuf Baran"]
[Black "Papadiamandis, Elliot"]
[Result "1/2-1/2"]
[BlackTitle "CM"]
[WhiteElo "1789"]
[BlackElo "2269"]
[WhiteFideId "34565400"]
[BlackFideId "36074160"]
[EventDate "2020.05.25"]

1. e4 c5 2. c3 Nf6 3. e5 Nd5 4. Nf3 e6 5. d4 cxd4 6. cxd4 d6 7. Bc4 Nc6 8. O-O
Be7 9. Qe2 O-O 10. Rd1 Bd7 11. Bd2 Rc8 12. Bb3 Na5 13. Nc3 Nxb3 14. axb3 a6 15.
Nxd5 exd5 16. Bf4 Bf5 17. Rac1 Rxc1 18. Rxc1 dxe5 19. Nxe5 Bf6 20. Qd2 Qb6 21.
Rc3 Rc8 22. Rxc8+ Bxc8 23. Qc3 Be6 24. h3 h6 25. Nf3 Be7 26. Be5 f6 27. Bf4 Qc6
28. Qe3 Kf7 29. Qd3 Qc8 30. Qc3 Qxc3 31. bxc3 b5 32. b4 g5 33. Bc7 h5 34. Nd2
Kg6 35. Nb3 Kf5 36. f3 1/2-1/2

[Event "Euro Online U2300 Day 1"]
[Site "chess.com INT"]
[Date "2020.05.25"]
[Round "3"]
[White "Talibov, Shiroghlan"]
[Black "Bozanic, Ivica"]
[Result "1-0"]
[BlackTitle "FM"]
[WhiteElo "2128"]
[BlackElo "2162"]
[WhiteFideId "13429078"]
[BlackFideId "14501414"]
[EventDate "2020.05.25"]

1. e4 e5 2. Nf3 Nc6 3. Bc4 Bc5 4. c3 Nf6 5. d4 exd4 6. e5 d5 7. Bb5 Ne4 8. cxd4
Bb4+ 9. Bd2 Nxd2 10. Nbxd2 Bg4 11. a3 Bxd2+ 12. Qxd2 a6 13. Bxc6+ bxc6 14. Qf4
Bd7 15. Rc1 Qe7 16. O-O O-O 17. Rfe1 a5 18. Re3 Rab8 19. Rc2 h6 20. Nd2 a4 21.
Rg3 Kh8 22. Nf3 Rb3 23. Nd2 Rxg3 24. hxg3 Rb8 25. Qf3 Qg5 26. Qxf7 Qf5 27. Qxf5
Bxf5 28. Rxc6 Rxb2 29. Nf3 Rb3 30. Nh4 Bd3 31. Rxc7 Rxa3 32. e6 Ra1+ 33. Kh2 Re1
34. e7 Kh7 35. Nf3 Re6 36. Ne5 Bb5 37. Ra7 Be8 38. f4 Rb6 39. Ra8 Bb5 40. e8=Q
Bxe8 41. Rxe8 Ra6 42. Nd3 a3 43. Re1 a2 44. Ra1 Ra4 45. Nc1 Rxd4 46. Rxa2 Rc4
47. Ne2 Re4 48. Rd2 Re3 49. Ng1 1-0

[Event "Euro Online U2300 Day 1"]
[Site "chess.com INT"]
[Date "2020.05.25"]
[Round "3"]
[White "Popadic, Dragan"]
[Black "Voracek, Miroslav"]
[Result "1-0"]
[WhiteTitle "FM"]
[WhiteElo "2180"]
[BlackElo "2226"]
[WhiteFideId "913650"]
[BlackFideId "313335"]
[EventDate "2020.05.25"]

1. e4 c5 2. Nc3 Nc6 3. f4 e6 4. Nf3 Nge7 5. Bb5 g6 6. O-O Bg7 7. Bxc6 Nxc6 8. d3
O-O 9. Qe1 Nd4 10. Qf2 d5 11. Kh1 dxe4 12. Nxe4 b6 13. Ne5 Bb7 14. Be3 Nf5 15.
Bd2 Rc8 16. Qe1 Qd4 17. Bc3 Qe3 18. Nd7 Qxe1 19. Raxe1 Rfd8 20. Ndf6+ Kh8 21.
Ng5 Rc7 22. Be5 Re7 23. Ngxh7 Nd4 24. Re3 Rd5 25. Nxd5 Bxd5 26. Nf6 1-0

[Event "Euro Online U2300 Day 1"]
[Site "chess.com INT"]
[Date "2020.05.25"]
[Round "3"]
[White "Stepanov, Artem"]
[Black "Aliyeva, Aygun"]
[Result "1/2-1/2"]
[BlackTitle "WFM"]
[WhiteElo "1622"]
[BlackElo "2170"]
[WhiteFideId "34253769"]
[BlackFideId "13400754"]
[EventDate "2020.05.25"]

1. e4 e6 2. d4 d5 3. Nc3 Nf6 4. Bg5 dxe4 5. Nxe4 Be7 6. Bxf6 Bxf6 7. Nxf6+ Qxf6
8. c3 b6 9. Nf3 Bb7 10. Be2 Nd7 11. O-O O-O 12. Re1 Rfd8 13. Qc2 c5 14. Rad1
cxd4 15. Nxd4 Ne5 16. Bf1 Rxd4 17. cxd4 Nf3+ 18. Kh1 Nxe1 19. Rxe1 Qxd4 20. Rd1
Qe5 21. Rd7 Qe1 22. Kg1 Qe4 23. Qc7 Bd5 24. Rxf7 Qd4 25. Rf4 Qc5 26. Qxc5 bxc5
27. b3 Rf8 28. Rxf8+ Kxf8 29. Bc4 Ke7 30. Kf1 Kd6 31. f4 e5 32. fxe5+ Kxe5 33.
Bxd5 Kxd5 34. Ke2 Kd4 35. Kd2 c4 36. bxc4 Kxc4 37. Kc2 h5 38. h4 g6 39. g3 Kd4
40. Kd2 Ke4 41. Ke2 a5 42. Kf2 Kd3 43. g4 hxg4 44. Kg3 Kc2 45. Kxg4 Kb2 46. Kg5
Kxa2 47. Kxg6 a4 48. h5 Kb1 49. h6 a3 50. h7 a2 51. h8=Q a1=Q 52. Qh1+ Kb2 53.
Qxa1+ Kxa1 1/2-1/2

[Event "Euro Online U2300 Day 1"]
[Site "chess.com INT"]
[Date "2020.05.25"]
[Round "3"]
[White "Gadimbayli, Abdulla"]
[Black "Stefan, Romulus-Cristian"]
[Result "1-0"]
[WhiteTitle "IM"]
[BlackTitle "CM"]
[WhiteElo "2470"]
[BlackElo "2151"]
[WhiteFideId "13404938"]
[BlackFideId "1232835"]
[EventDate "2020.05.25"]

1. e4 c5 2. Nf3 e6 3. d4 cxd4 4. Nxd4 Nf6 5. Nc3 Nc6 6. Nxc6 bxc6 7. Bd3 d5 8.
O-O Be7 9. f4 Ba6 10. Bxa6 Qb6+ 11. Be3 Qxa6 12. e5 Nd7 13. f5 exf5 14. Rxf5 O-O
15. Qg4 Nc5 16. Rh5 Qc8 17. Qg3 Rb8 18. b3 Rb4 19. Rf1 Qg4 20. Rh3 Qxg3 21. Rxg3
Ne6 22. Na4 Re4 23. Bxa7 Rxe5 24. Rc3 Ra8 25. Bf2 Ra6 26. Nb6 d4 27. Rxc6 h6 28.
Nc8 1-0

[Event "Euro Online U2300 Day 1"]
[Site "chess.com INT"]
[Date "2020.05.25"]
[Round "3"]
[White "Potpara, Nikola"]
[Black "Boe, Mads"]
[Result "1-0"]
[BlackTitle "FM"]
[WhiteElo "2373"]
[BlackElo "2284"]
[WhiteFideId "910058"]
[BlackFideId "1401408"]
[EventDate "2020.05.25"]

1. d4 f5 2. Bg5 g6 3. Nf3 Bg7 4. h4 d6 5. e3 c6 6. Nc3 Nd7 7. e4 h6 8. Bd2 Ndf6
9. Bd3 fxe4 10. Nxe4 Bf5 11. Qe2 Qd7 12. O-O-O O-O-O 13. Rhe1 Re8 14. Kb1 Nxe4
15. Bxe4 Nf6 16. Bd3 Bxd3 17. Qxd3 Qf5 18. Qa3 a6 19. Qb3 Qd5 20. c4 Qf5+ 21.
Qc2 Qxc2+ 22. Kxc2 Kd7 23. a4 Rhf8 24. Kd3 Nh5 25. Re4 d5 26. cxd5 cxd5 27. Rg4
Rf6 28. Ne5+ Ke6 29. f3 Kd6 30. Nxg6 Re6 31. Nf4 1-0

[Event "Euro Online U2300 Day 1"]
[Site "chess.com INT"]
[Date "2020.05.25"]
[Round "3"]
[White "Jocev, Milan"]
[Black "Sustov, Savva"]
[Result "1-0"]
[WhiteTitle "FM"]
[WhiteElo "2258"]
[BlackElo "1710"]
[WhiteFideId "900680"]
[BlackFideId "13908715"]
[EventDate "2020.05.25"]

1. e4 c5 2. Nc3 Nc6 3. Bb5 g6 4. Bxc6 dxc6 5. d3 Bg7 6. Nge2 e5 7. Be3 Qe7 8.
Qd2 b6 9. a4 a5 10. O-O Nf6 11. h3 Nd7 12. Bh6 O-O 13. Bxg7 Kxg7 14. f4 f6 15.
Rf2 Ba6 16. b3 Rad8 17. Raf1 Rf7 18. Qe3 Nf8 19. Qg3 Rd7 20. fxe5 Qxe5 21. Rxf6
Qxf6 22. Rxf6 Rxf6 23. Qe5 Rf7 24. Nd1 Kg8 25. Ng3 Rf2 26. Nxf2 1-0

[Event "Euro Online U2300 Day 1"]
[Site "chess.com INT"]
[Date "2020.05.25"]
[Round "3"]
[White "Hulka, Valentyn"]
[Black "Strejczek, Dariusz"]
[Result "1-0"]
[WhiteElo "1892"]
[BlackElo "2149"]
[WhiteFideId "34107061"]
[BlackFideId "1122142"]
[EventDate "2020.05.25"]

1. e4 d6 2. d4 g6 3. Nc3 Bg7 4. g3 Nf6 5. Bg2 O-O 6. Nge2 Nbd7 7. O-O e5 8. h3
c5 9. dxe5 dxe5 10. Be3 Qe7 11. g4 h5 12. g5 Ne8 13. Nd5 Qd6 14. a3 Nb6 15. Nxb6
axb6 16. Nc3 Be6 17. Qe2 Nc7 18. Rfd1 Qc6 19. Nd5 Bxd5 20. exd5 Qd6 21. Qc4 f5
22. gxf6 Bxf6 23. b4 cxb4 24. axb4 Rac8 25. Qb3 Nb5 26. Qd3 e4 27. Qxb5 Bxa1 28.
Rxa1 Rxc2 29. Qxb6 Qxb6 30. Bxb6 Rb2 31. Rd1 Rf7 32. d6 Rxb4 33. Bc5 Rc4 34. d7
Rxd7 35. Rxd7 Rxc5 36. Bxe4 b5 37. Rd5 Rxd5 38. Bxd5+ Kg7 39. Kg2 Kf6 40. Kf3
Kg5 41. Kg3 b4 42. Be4 Kf6 43. h4 b3 44. Kf4 b2 45. Bb1 g5+ 46. hxg5+ Kg7 47.
Kg3 Kg8 48. f4 Kg7 49. Kh4 Kh8 50. Kxh5 Kg7 51. f5 Kg8 52. f6 Kh8 53. g6 Kg8 54.
Kh6 Kf8 55. g7+ Kf7 56. Kh7 1-0

[Event "Euro Online U2300 Day 1"]
[Site "chess.com INT"]
[Date "2020.05.25"]
[Round "3"]
[White "Moran, Stephen"]
[Black "Palchuk, Andrii"]
[Result "0-1"]
[BlackTitle "FM"]
[WhiteElo "2195"]
[BlackElo "2183"]
[WhiteFideId "2501872"]
[BlackFideId "14176688"]
[EventDate "2020.05.25"]

1. d4 Nf6 2. Bg5 c5 3. d5 d6 4. Nc3 g6 5. e4 Nbd7 6. Qd2 h6 7. Be3 Ng4 8. Bf4 g5
9. Bg3 Bg7 10. h4 Qb6 11. O-O-O gxh4 12. Rxh4 Nge5 13. f4 Ng6 14. Rh1 Nf6 15.
Re1 h5 16. e5 dxe5 17. fxe5 Bh6 18. exf6 Bxd2+ 19. Kxd2 Qxf6 20. Bb5+ Kf8 21.
Nf3 Bg4 22. Rhf1 Bxf3 23. Rxf3 Qg5+ 24. Kd1 h4 25. Ne4 Qxd5+ 26. Rd3 Qh5+ 27.
Kc1 hxg3 28. Nxg3 Qg5+ 29. Kb1 Kg7 0-1

[Event "Euro Online U2300 Day 1"]
[Site "chess.com INT"]
[Date "2020.05.25"]
[Round "3"]
[White "Franchuk, Serhiy"]
[Black "Florez Rodriguez, Diego"]
[Result "1/2-1/2"]
[WhiteElo "2026"]
[BlackElo "2110"]
[WhiteFideId "14116740"]
[BlackFideId "2291576"]
[EventDate "2020.05.25"]

1. e4 e6 2. d4 d5 3. Nd2 dxe4 4. Nxe4 Bd7 5. Bg5 Be7 6. Bxe7 Qxe7 7. Nf3 Bc6 8.
Bd3 Nd7 9. c3 Ngf6 10. Qe2 Bxe4 11. Bxe4 Nxe4 12. Qxe4 c6 13. Ne5 Nxe5 14. Qxe5
O-O 15. O-O Rfd8 16. Rae1 Rac8 17. f4 Rd5 18. Qe4 Qd7 19. Re2 c5 20. dxc5 Rcxc5
21. Rfe1 g6 22. h3 Rc8 23. Qf3 b6 24. Re5 Rd3 25. R5e3 Rd6 26. R1e2 Rd8 27. Kh2
Rd5 28. Re5 Rd3 29. R5e3 Rxe3 30. Qxe3 h5 31. Qe5 Qd3 32. a4 Rd5 33. Qe4 Qxe4
34. Rxe4 Rd2 35. Rb4 Kg7 36. Kg3 h4+ 37. Kf3 Kf6 38. Rb3 e5 39. fxe5+ Kxe5 40.
a5 bxa5 41. Rb5+ Rd5 42. Rb7 f5 43. Re7+ Kf6 44. Rxa7 Rb5 45. Ra6+ Kg5 46. Ra8
Rxb2 47. Rxa5 Rc2 48. Rc5 Kf6 49. Rc6+ Ke5 50. Rxg6 Rxc3+ 51. Kf2 Kf4 52. Rg8
Rc2+ 53. Kf1 Ra2 54. Kg1 Rb2 55. Rg7 Ra2 56. Rg8 Rb2 57. Rg7 Ra2 58. Rg8 1/2-1/2

[Event "Euro Online U2300 Day 1"]
[Site "chess.com INT"]
[Date "2020.05.25"]
[Round "3"]
[White "Grebnev, Aleksey"]
[Black "Sernecki, Franciszek"]
[Result "1/2-1/2"]
[BlackTitle "FM"]
[WhiteElo "2223"]
[BlackElo "2243"]
[WhiteFideId "34189030"]
[BlackFideId "1169297"]
[EventDate "2020.05.25"]

1. c4 Nf6 2. Nc3 e6 3. e4 d5 4. e5 d4 5. exf6 dxc3 6. bxc3 Qxf6 7. d4 e5 8. Nf3
exd4 9. Bg5 Qe6+ 10. Be2 Be7 11. Bxe7 d3 12. Ba3 dxe2 13. Qxe2 Qxe2+ 14. Kxe2
Be6 15. Rhe1 Nc6 16. Ng5 O-O-O 17. Nxe6 Rhe8 18. Kf3 Rxe6 19. Rxe6 fxe6 20. Re1
Rd3+ 21. Re3 Ne5+ 22. Ke4 Rxe3+ 23. fxe3 Nxc4 24. Bf8 g6 25. g4 Kd7 26. h4 b5
27. Bc5 a6 28. Kf4 Ke8 29. Bd4 Ke7 30. Kg5 Kf7 31. Kf4 Ke7 32. Kg5 e5 33. Ba7
Kf7 34. Kh6 Kg8 35. h5 gxh5 36. Kxh5 Kg7 37. e4 Nd6 38. Bb8 Nxe4 39. Bxc7 Kf6
40. Kh6 Nxc3 41. Bd8+ Ke6 42. Kxh7 Ne4 43. g5 Nxg5+ 44. Bxg5 Kf5 45. Bd2 Ke4 46.
Kg6 Kd3 47. Bb4 e4 48. Kf5 e3 49. Kf4 e2 50. Kf3 Kc4 51. a3 Kd3 52. Kf2 Kc2 53.
Kxe2 Kb3 54. Kd3 Ka4 55. Kc3 a5 56. Bxa5 Kxa5 57. Kb3 Ka6 58. a4 bxa4+ 59. Kxa4 1/2-1/2

[Event "Euro Online U2300 Day 1"]
[Site "chess.com INT"]
[Date "2020.05.25"]
[Round "3"]
[White "Agrest, Inna"]
[Black "Xylogiannopoulos, Antonios"]
[Result "1-0"]
[WhiteTitle "WIM"]
[WhiteElo "2284"]
[BlackElo "2267"]
[WhiteFideId "1708830"]
[BlackFideId "4215133"]
[EventDate "2020.05.25"]

1. e4 e6 2. d4 d5 3. Nc3 dxe4 4. Nxe4 Nf6 5. Bg5 Be7 6. Bxf6 gxf6 7. Nf3 f5 8.
Nc3 a6 9. Qe2 O-O 10. O-O-O c6 11. g4 Qc7 12. gxf5 Qf4+ 13. Kb1 Qxf5 14. Ne5 Nd7
15. Qe3 Nxe5 16. dxe5 Kh8 17. Bd3 Qh5 18. Rhg1 f5 19. exf6 Bxf6 20. Ne4 Be7 21.
Qg3 Qh6 22. Qc7 Bh4 23. Nd6 e5 24. Nf7+ Rxf7 25. Qxf7 Be6 26. Qxb7 Rc8 27. Bc4 1-0

[Event "Euro Online U2300 Day 1"]
[Site "chess.com INT"]
[Date "2020.05.25"]
[Round "3"]
[White "Tarasova, Viktoriya"]
[Black "Makropoulou, Marina"]
[Result "1-0"]
[WhiteTitle "WIM"]
[BlackTitle "WGM"]
[WhiteElo "2226"]
[BlackElo "2173"]
[WhiteFideId "4175840"]
[BlackFideId "4200187"]
[EventDate "2020.05.25"]

1. d4 Nf6 2. c4 e6 3. Nc3 d5 4. cxd5 exd5 5. Bg5 Be7 6. Qc2 c6 7. e3 Nbd7 8. Bd3
O-O 9. Nf3 Re8 10. O-O Nf8 11. Rab1 g6 12. b4 Ne6 13. Bh4 b5 14. Ne5 Bb7 15. a4
a6 16. h3 Kg7 17. f4 Nf8 18. f5 N6d7 19. Nxf7 Qb8 20. Bxe7 Rxe7 21. fxg6 hxg6
22. Qf2 Nh7 23. Bxg6 Kxg6 24. Qf5+ Kg7 25. Qg4+ 1-0

[Event "Euro Online U2300 Day 1"]
[Site "chess.com INT"]
[Date "2020.05.25"]
[Round "3"]
[White "Ceres, Dragos"]
[Black "Melia, Salome"]
[Result "1/2-1/2"]
[WhiteTitle "FM"]
[BlackTitle "IM"]
[WhiteElo "2244"]
[BlackElo "2370"]
[WhiteFideId "13905864"]
[BlackFideId "13602446"]
[EventDate "2020.05.25"]

1. e4 c5 2. Nf3 Nc6 3. Bb5 g6 4. O-O Bg7 5. Nc3 Nd4 6. Ba4 e6 7. Nxd4 cxd4 8.
Ne2 Ne7 9. d3 O-O 10. Qe1 d5 11. f3 Bd7 12. Bb3 b5 13. Bd2 a5 14. a4 bxa4 15.
Bxa4 Bxa4 16. Rxa4 Nc6 17. Qf2 Qb6 18. exd5 exd5 19. b3 Rfe8 20. Rfa1 Qc7 21. b4
Ne7 22. Nxd4 Nc6 23. Bc3 Nxd4 24. Bxd4 Bxd4 25. Qxd4 Qxc2 26. R4a2 Re1+ 27. Rxe1
Qxa2 28. Ra1 Qd2 29. bxa5 Rxa5 30. Rb1 Rb5 31. Ra1 Ra5 32. Rb1 Rb5 33. Ra1 Ra5 1/2-1/2

[Event "Euro Online U2300 Day 1"]
[Site "chess.com INT"]
[Date "2020.05.25"]
[Round "3"]
[White "Verbin, Valentina"]
[Black "Dalkowski, Rafal"]
[Result "0-1"]
[WhiteElo "1982"]
[BlackElo "1877"]
[WhiteFideId "13905910"]
[BlackFideId "21862460"]
[EventDate "2020.05.25"]

1. e4 c6 2. d4 d5 3. e5 Bf5 4. Nf3 e6 5. Be2 Nd7 6. O-O c5 7. dxc5 Bxc5 8. c4
Ne7 9. Nc3 dxc4 10. Bxc4 Nc6 11. Bf4 a6 12. h3 O-O 13. Rc1 Rc8 14. Qe2 b5 15.
Bb3 Qb6 16. Ne4 Nd4 17. Nxd4 Bxd4 18. Nd6 Rxc1 19. Rxc1 Nc5 20. Nxf5 exf5 21.
Bd5 Rd8 22. Bf3 Ne4 23. Bxe4 fxe4 24. Qxe4 Bxf2+ 25. Kh2 h5 26. Rc6 Qd4 27. Qxd4
Rxd4 28. g3 Ra4 29. a3 h4 30. Kg2 Bd4 31. Rc2 hxg3 32. Kxg3 b4 33. axb4 Rxb4 34.
Rc8+ Kh7 35. Rc7 Kg6 36. Rc6+ Kf5 37. Bd2 Bxe5+ 38. Kf2 Rxb2 39. Ke1 Ra2 40. Rc7 0-1

[Event "Euro Online U2300 Day 1"]
[Site "chess.com INT"]
[Date "2020.05.25"]
[Round "3"]
[White "Kryger, Oksana"]
[Black "Pogorelskikh, Sergey"]
[Result "0-1"]
[WhiteTitle "WIM"]
[BlackTitle "FM"]
[WhiteElo "2107"]
[BlackElo "2218"]
[WhiteFideId "1404695"]
[BlackFideId "4187024"]
[EventDate "2020.05.25"]

1. d4 Nf6 2. c4 e6 3. Nf3 Bb4+ 4. Bd2 Qe7 5. g3 Nc6 6. Nc3 d5 7. Bg2 O-O 8. O-O
dxc4 9. a3 Ba5 10. Qa4 Bb6 11. Qxc4 e5 12. d5 Na5 13. Qh4 Nb3 14. Rac1 Nxc1 15.
Rxc1 Bf5 16. Ng5 Ng4 17. Nce4 h6 18. Bb4 hxg5 19. Nxg5 Bxf2+ 20. Kh1 Qf6 21. e4
Qh6 22. Bxf8 Be3 23. Rf1 Rxf8 24. exf5 Qxg5 25. h3 Qxh4 26. gxh4 Nf6 27. Re1 Bd4 0-1